La ciencia y Medugorie /

Guardado en:
Detalles Bibliográficos
Autor principal: Munari, Tiberio María (coordinación)
Formato: Libro
Idioma:Español
Publicado: Guadalajara, México : Centro Xavier, 1986, c1986
Etiquetas: Agrega una etiqueta
Sin etiquetas, Sé el primero en etiquetar este registro!

MARC

LEADER 00000nam^a2200000^a^4500
001 000564143
005 20250521000000.0
009 20260310132020.658
037 |a Acervo ITESO - Biblioteca 
041 |a ESP 
091 |a FGM. 02237 
100 |a Munari, Tiberio María  |e (coordinación) 
245 1 3 |a La ciencia y Medugorie / 
264 4 |a Guadalajara, México :  |b Centro Xavier,  |c 1986, c1986 
300 |a 144 p. 
336 |a texto  |b txt  |2 rdacontenido 
337 |a sin mediación  |b n  |2 rdamedio 
338 |a volumen  |b nc  |2 rdasoporte 
649 |a XX 
910 |a Fondo Efraín González Morfín 
920 |a Impresos - Libros 
930 |a Fondos Especiales 
905 |a 130 
901 |a 0500384462  |b IT2  |c ESL  |i D93404  |u 20250521 
902 |a https://opac.biblio.iteso.mx/vufind/Record/000564143